| 000 | 00649nam a2200229 i 4500 | ||
|---|---|---|---|
| 001 | 114901 | ||
| 003 | ES-MaACL | ||
| 005 | 20250918063031.0 | ||
| 007 | t| | ||
| 008 | 070209s1952 sp ||||1| spa d | ||
| 080 | _a84-221"16" | ||
| 100 | 1 |
_aMolière, _d1622-1673 _981873 |
|
| 245 | 1 | 0 |
_aMolière / _cMario Grande Ramos. |
| 260 |
_aBarcelona : _bLabor, _c1952. |
||
| 300 |
_a360 p. : _bil. ; _c17 cm. |
||
| 490 | 1 |
_aClásicos Labor ; _v17 |
|
| 600 | 1 | 4 |
_aMolière, _d1622-1673 _981873 |
| 700 | 1 |
_aGrande Ramos, Mario. _959594 |
|
| 830 | 0 |
_aClásicos Labor ; _v17 _9185822 |
|
| 852 |
_aES-MaACL _jE-3906 |
||
| 999 |
_c114901 _d114901 |
||